Statistiques concernant Les armes et armures au Moyen Age

Cliquez ici pour prendre le quiz!

Statistiques générales

  • Ce quiz a été pris 343 fois
  • Le résultat moyen est 18 sur 28

Statistiques - réponses

DéfinitionArme% Correct
arme tranchante symbole du chevalier du moyen âgeépée
93%
sorte de grosse poutre pour enfoncer les portesbélier
91%
arme de jet dérivée de l'arcarbalète
88%
projectile tiré par l'arcflèche
88%
arme de siège d'origine romaine et tirant des boulets de pierrecatapulte
86%
arme offensive dérivée de l'outil du même nom - de nos jours outil de bûcheronhache
85%
équipement de guerre ou de tournoi protégeant le chevalierarmure
84%
arme de guerre et de tournoi composée d'un manche de bois et d'une pointe de ferlance
83%
arme défensive - en rugby celui de Brennus est bien connubouclier
81%
du latin Gladius: coutelas, épée tranchanteglaive
81%
arme de jet composée d'une tige de bois et d'une corde fixée à ses deux extrémitésarc
76%
arme de jet destinée à lancer des pierres ou des balles de plomb - Thierry la ...fronde
76%
arme de main, courte et pointue, qui se portait à la ceinturedague
71%
arme offensive composée d'un manche en bois et d'une chaîne terminée par une masse de fer - Attila était surnommé le ... de Dieufléau
71%
lance courte et légère et destinée à être projetéejavelot
70%
désigne le bouclier du moyen âgeécu
69%
casque de cavalerie emblématique de la chevalerie, protégeant toute la tête.heaume
69%
sorte de massue terminée par une lourde pièce de métalmasse
63%
pièce d'armure protégeant la maingantelet
61%
pièce d'armure protégeant le genougenouillère
61%
partie de l'armure de fer recouvrant le devant du torseplastron
56%
pièce d'armure de fer protégeant le bas de la jambejambière
47%
casque couramment utilisé au XVe siècle (pensez à la laitue)salade
44%
il en pleut dans notre langage figuréhallebarde
34%
grande épée maniée à deux mainsespadon
29%
tunique faite de mailles, munie de manches et souvent d'une capuchehaubert
26%
première arme à poudre utilisée au Moyen Âgebombarde
22%
partie de l'armure de fer couvrant le bras de l'épaule au poignetbrassard
19%

Distribution des résultats

Percentile par nombre de réponses

% des personnes avec chaque résultat

Votre développement - résultats

Vous n’avez pas pris ce quiz